Tourist Attractions - Asia and Oceania - Statistics

General Stats
  • This quiz has been taken 22 times
    18 since last reset
  • The average score is 22 of 40
Answer Stats
Question Answer % Correct
Tiananmen is the largest city square in the world. Where is it located? Beijing
100%
Where is the tallest structure in the world the Burj Khalifa located? Dubai
100%
Si-o-se Pol (The Bridge of 33 Arches) is a famous bridge in the city of Isfahan. Which country is that? Iran
100%
The Western Wall, sometimes referred to as the Wailing Wall is a famous Jewish religious site located in which city? Jerusalem
100%
Orchard Road is the main shopping street and a major tourist attraction in which country? Singapore
100%
Harbour Bridge is one of Australia’s most well known and photographed landmarks. In which city is it located? Sydney
100%
Where is the Forbidden City located? Beijing
67%
Angkor Wat is a Hindu temple complex and the largest religious monument in the world. Where is it located? Cambodia
67%
Terracotta Army is one of the most famous archaeological sites in the world located in which country? China
67%
Where is the world’s largest barrier reef system, famously known as the Great Barrier Reef located? Coral Sea
67%
Jerusalem is considered a holy city by three major religions. Which one is not one of them? Hinduism
67%
Statue of Unity is the world's tallest statue with a height of 182 m. Where is it located? India
67%
Ellora Caves is one of the largest monastery-temple cave complexes in the world cut from rock. Where are they located? India
67%
Where is the Dead Sea, almost 10 times as salty as the ocean? Israel
67%
Mount Fuji is the volcano with exceptionally symmetrical cone. Where is it located? Japan
67%
Petra is one of the new Seven Wonders of the World. Where is it located? Jordan
67%
In which city is the Temple of the Golden Pavilion, one of the most popular tourist attractions in Japan located? Kyoto
67%
Potala Palace was the winter palace of the Dalai Lamas. Where is it located? Lhasa
67%
The Petronas Twin Towers are the tallest twin buildings in the world. Where are they located? Malaysia
67%
The primary purpose for building Great Wall was to protect the Chinese Empire from which empire? Mongolians
67%
Marina Bay Sands was world’s most expensive building when it opened in 2010. Where is it located? Singapore
67%
What is the name of mausoleum of white marble in Agra and one of the great tourist attractions in India? Taj Mahal
67%
Phuket is an island with beautiful beaches in which country? Thailand
67%
Pamukkale, meaning “cotton castle” is an unreal landscape in which country? Turkey
67%
Cappadocia is famous for its weird and wonderful natural rock formations. Where is it located? Turkey
67%
Where is the Ha Long Bay, literally translated as “Bay of Descending Dragons” located? Vietnam
67%
Kakadu is the largest national park in which country? Australia
33%
Where is famous Chengyang Bridge from 1916 located? China
33%
Where is the Komodo National Park, named after the Komodo Dragon, the world’s largest living reptile? Indonesia
33%
The Akashi-Kaikyo Bridge, also known as the Pearl Bridge, is the longest suspension bridge in the world. Where is it located? Japan
33%
In which city is Via Dolorosa street that traces the last steps of Christ on the way to his crucifixion? Jerusalem
33%
Fiordland National Park is one of the most scenic spots in which country? New Zealand
33%
In which Australian state is famous Uluru or Ayers Rock located? Northern Territory
33%
Maya Bay became world famous after the 2000 movie The Beach was filmed there. In which country is it located? Thailand
33%
When was Sydney Opera House formally opened? 1972
0%
The Galata Tower is a medieval stone tower and landmark in which city? Istanbul
0%
Located in Istanbul, the Hagia Sophia was originally a basilica, but 1935 was converted into what? museum
0%
Sigiriya Rock Fort is one of the main attractions in which country? Sri Lanka
0%
The Umayyad Mosque is one of the largest and oldest mosques in the world. Where is it located? Syria
0%
The Mausoleum at Halicarnassus, one of the 7 wonders of the world was located in which present country? Turkey
0%
No matching quizzes found
Score Distribution
Percent of People with Each Score
Percentile by Number Answered
Your Score History
You have not taken this quiz since the last reset